Villes hôtes de la coupe du monde 2026 - Statistiques

Statistiques générales
  • Ce quiz a été pris 88 fois
  • Le résultat moyen est 11 sur 16
Statistiques - réponses
Stade Ville % Correct
SoFi Stadium Los Angeles
97%
MetLife Stadium New York
97%
Estadio Azteca Mexico
94%
Hard Rock Stadium Miami
88%
BMO Field Toronto
83%
BC Place Vancouver
73%
Mercedes-Benz Stadium Atlanta
72%
Gillette Stadium Boston
69%
Levi's Stadium San Francisco
68%
AT&T Stadium Dallas
65%
Lumen Field Seattle
59%
Estadio Akron Guadalajara
58%
NRG Stadium Houston
58%
Lincoln Financial Field Philadelphie
55%
Estadio BBVA Monterrey
42%
Arrowhead Stadium Kansas City
28%
Aucun quiz correspondant
Distribution des résultats
% des personnes avec chaque résultat
Percentile par nombre de réponses
Votre historique - résultats
Vous n’avez pas pris ce quiz